000 00911nam a22002177a 4500
003 OSt
005 20250610094454.0
007 xvii, 276p
008 241018b |||||||| |||| 00| 0 eng d
020 _a9781403933881
050 _aK5001.L36
_b026908
100 _aJanet Cotterill ed.
245 _aLanguage in the Legal Process
_cJanet Cotterill ed.
250 _a(c) Janet Cotterill 2002, 2004
_bChapters 1-8, 10-16 (c) Palgrave Macmillan Ltd 2002
260 _ac.2004
_bPalgrave Macmillan
300 _axvii, 276p
_bTables, Index
_c21.5cm
500 _aOverview of current and ongoing concerns in forensic linguistics and language and the law, also serves as an inspiration for further research in the dynamic and important area of applied linguistics.
650 _2Legal Language
_aLinguistics
_xLegal Process
700 _aCotterill, Janet ed.
_cLanguage in the Legal Process
942 _2lcc
_cBK
_eed. 2004
_n0
999 _c59
_d59